[Event "Stuttgarter Stadtmeisterschaft A-Turnie"]
[Site "Ditzingen"]
[Date "2009.05.23"]
[Round "6.13"]
[White "Heinl, Thomas"]
[Black "Osmanovic, Faruk"]
[Result "1-0"]
[WhiteElo "2204"]
[BlackElo "2081"]
[PlyCount "103"]
[EventDate "2009.??.??"]

1. e4 c5 2. Nf3 d6 3. d4 cxd4 4. Nxd4 Nf6 5. Nc3 a6 6. Be2 e5 7. Nf3 Be7 8. O-O
O-O 9. Re1 h6 10. Bf1 Be6 11. b3 Qc7 12. Nd5 Nxd5 13. exd5 Bf5 14. c4 Nd7 15.
Bb2 Bg6 16. Rc1 a5 17. Nd4 Nc5 18. Nb5 Qd7 19. a3 b6 20. b4 axb4 21. axb4 Na6
22. Qb3 Bg5 23. Ra1 Bd2 24. Red1 Bg5 25. Nc3 Rfc8 26. c5 Nxb4 27. Qxb4 bxc5 28.
Qb5 Qxb5 29. Nxb5 Bc2 30. Nxd6 Rd8 31. Rxa8 Rxa8 32. Ra1 Rxa1 33. Bxa1 e4 34.
Nc4 g6 35. Bb2 Bd3 36. g3 Bxc4 37. Bxc4 Be7 38. Be5 Kf8 39. d6 Bd8 40. g4 f6
41. Bf4 h5 42. gxh5 g5 43. Be3 Kg7 44. Bxc5 f5 45. Bd4+ Kh6 46. Bf7 f4 47. h3
Kh7 48. Kf1 Kh6 49. d7 Kh7 50. Bg6+ Kh6 51. Bc5 Kg7 52. Bxe4 1-0

[Event "Stuttgarter Stadtmeisterschaft A-Turnie"]
[Site "Ditzingen"]
[Date "2009.05.23"]
[Round "6.14"]
[White "Bräunlin, Klaus"]
[Black "Wagner, Florian"]
[Result "0-1"]
[WhiteElo "2109"]
[BlackElo "2302"]
[PlyCount "74"]
[EventDate "2009.??.??"]

1. e4 c5 2. Nf3 Nc6 3. Bb5 e6 4. O-O Nge7 5. Re1 a6 6. Bf1 d5 7. d3 Ng6 8. exd5
Qxd5 9. Nc3 Qd8 10. Ne4 e5 11. c3 Be7 12. a3 f5 13. Ng3 O-O 14. b4 Kh8 15. h4
Nxh4 16. Nxe5 Nxe5 17. Rxe5 cxb4 18. axb4 Bf6 19. Rc5 b6 20. Rc6 Bb7 21. Rxf6
Qxf6 22. Bd2 Qc6 23. Qh5 Nxg2 24. Qh2 f4 25. Ne4 f3 26. c4 Qg6 27. Ng5 Rf5 28.
Qc7 Rxg5 29. Bxg5 Qxg5 30. Qxb7 Rf8 31. Qc7 Nf4+ 32. Kh2 Qh4+ 33. Kg1 Qg4+ 34.
Kh2 h6 35. Re1 Rf5 36. Re5 Qh4+ 37. Kg1 Qg5+ 0-1

[Event "Stuttgarter Stadtmeisterschaft A-Turnie"]
[Site "Ditzingen"]
[Date "2009.05.23"]
[Round "6.15"]
[White "Kabisch, Thilo"]
[Black "Kerpe, Andreas"]
[Result "1-0"]
[WhiteElo "2297"]
[BlackElo "2084"]
[PlyCount "49"]
[EventDate "2009.??.??"]

1. e4 e5 2. Nf3 Nc6 3. Bb5 Nge7 4. O-O g6 5. d4 exd4 6. Bg5 Bg7 7. c3 dxc3 8.
Nxc3 O-O 9. e5 f6 10. Bc4+ Kh8 11. exf6 Bxf6 12. Re1 d6 13. Qd2 Bg4 14. Bxf6+
Rxf6 15. Ne4 Nf5 16. Qc3 Bxf3 17. Nxf6 Ncd4 18. Re8+ Qxe8 19. Nxe8 Rxe8 20.
gxf3 Re5 21. Kf1 b5 22. Bd3 Rc5 23. Qe1 Re5 24. Qa5 Nxf3 25. Bxf5 1-0

[Event "Stuttgarter Stadtmeisterschaft A-Turnie"]
[Site "Ditzingen"]
[Date "2009.05.23"]
[Round "6.16"]
[White "Büter, Norbert"]
[Black "Dudek, Richard"]
[Result "0-1"]
[WhiteElo "2074"]
[BlackElo "2254"]
[PlyCount "70"]
[EventDate "2009.??.??"]
[WhiteTeam "Sabt SpVgg Rommelshausen"]
[BlackTeam "SC Eppingen"]

1. d4 Nf6 2. c4 e6 3. Nc3 Bb4 4. Qc2 O-O 5. a3 Bxc3+ 6. Qxc3 b6 7. Nf3 Bb7 8.
e3 Ne4 9. Qc2 f5 10. Be2 d6 11. O-O Nd7 12. Ne1 a5 13. b3 Qh4 14. f3 Ng5 15.
Bd3 Rf6 16. Qf2 Qh5 17. Kh1 Rh6 18. Qg1 Nf6 19. Ra2 Qh4 20. g3 Qh5 21. Qg2 Nh3
22. e4 Rg6 23. exf5 exf5 24. Qc2 Re8 25. d5 Bc8 26. g4 fxg4 27. Bxg6 hxg6 28.
Qg2 Bf5 29. Re2 Rxe2 30. Qxe2 gxf3 31. Nxf3 Be4 32. Bb2 Qf5 33. Kg2 Qg4+ 34.
Kh1 Ng5 35. Bxf6 gxf6 0-1

[Event "Stuttgarter Stadtmeisterschaft A-Turnie"]
[Site "Ditzingen"]
[Date "2009.05.23"]
[Round "6.17"]
[White "Aring, Gerd"]
[Black "Wettengel, Alexander"]
[Result "0-1"]
[WhiteElo "2218"]
[BlackElo "2074"]
[PlyCount "72"]
[EventDate "2009.??.??"]
[WhiteTeam "SV Nürtingen 1920"]
[BlackTeam "SK Bebenhausen 1992"]

1. d4 d5 2. Nf3 Nc6 3. c4 Bg4 4. Nc3 e6 5. e3 Bb4 6. h3 Bxf3 7. Qxf3 Nf6 8. Bd2
O-O 9. cxd5 exd5 10. Bd3 Re8 11. O-O Bxc3 12. Bxc3 Ne4 13. Qh5 Re6 14. Bxe4
Rxe4 15. Rfc1 g6 16. Qd1 Qd7 17. Bd2 Ne7 18. f3 Re6 19. Rc3 Re8 20. g4 f5 21.
Qf1 Rf6 22. Qg2 fxg4 23. hxg4 g5 24. Rac1 c6 25. Rf1 Ng6 26. Be1 Ref8 27. Qe2
Qf7 28. Kg2 h5 29. gxh5 Ne7 30. e4 dxe4 31. Qxe4 Nd5 32. Rb3 Nf4+ 33. Kg1 Re8
34. Rxb7 Qxh5 35. Qc2 Ne2+ 36. Kg2 Rh6 0-1

[Event "Stuttgarter Stadtmeisterschaft A-Turnie"]
[Site "Ditzingen"]
[Date "2009.05.23"]
[Round "6.18"]
[White "Jüttner, Andreas"]
[Black "Krockenberger, Martin"]
[Result "1/2-1/2"]
[WhiteElo "2083"]
[BlackElo "2216"]
[PlyCount "84"]
[EventDate "2009.??.??"]
[WhiteTeam "FC Bayern München e.V."]
[BlackTeam "SK Schmiden/Cannstatt"]

1. c4 c5 2. g3 e6 3. Nf3 b6 4. Bg2 Bb7 5. O-O Nf6 6. Nc3 Be7 7. e3 O-O 8. d4 d6
9. b3 a6 10. Bb2 Nbd7 11. Qd3 Qc7 12. e4 cxd4 13. Nxd4 Rac8 14. Rac1 Qb8 15.
Rfe1 Rfd8 16. h3 Nc5 17. Qe2 Re8 18. g4 h6 19. f4 Nh7 20. Qf2 Nd3 21. Qd2 Nxc1
22. Rxc1 Nf8 23. Rf1 Ng6 24. Nce2 Qc7 25. Ng3 Bf8 26. g5 e5 27. f5 exd4 28.
fxg6 fxg6 29. gxh6 gxh6 30. Rf6 Qh7 31. Bxd4 b5 32. cxb5 axb5 33. Nf5 gxf5 34.
exf5 Bxg2 35. Qxg2+ Bg7 36. Rg6 Re7 37. f6 Rc1+ 38. Kh2 Re2 39. Rxg7+ Qxg7 40.
Qxe2 Qc7 41. Qe8+ Kh7 42. Qe4+ Kg8 1/2-1/2

[Event "Stuttgarter Stadtmeisterschaft A-Turnie"]
[Site "Ditzingen"]
[Date "2009.05.23"]
[Round "6.19"]
[White "Schulte, Torsten"]
[Black "Steinbach, Peter"]
[Result "0-1"]
[WhiteElo "2201"]
[BlackElo "2060"]
[PlyCount "68"]
[EventDate "2009.??.??"]
[WhiteTeam "SC Eppingen"]
[BlackTeam "SV Crailsheim"]

1. d4 d6 2. e4 Nf6 3. Nc3 Nbd7 4. Nf3 e5 5. Bc4 Be7 6. O-O c6 7. a4 O-O 8. Re1
Qc7 9. h3 h6 10. Be3 Re8 11. Nd2 Bf8 12. f4 Nb6 13. Ba2 Be6 14. a5 Nbd7 15.
Bxe6 fxe6 16. dxe5 dxe5 17. f5 exf5 18. exf5 Nd5 19. Nde4 Nxc3 20. Nxc3 Nf6 21.
Bf2 e4 22. Qe2 Qe5 23. g4 Bd6 24. Bh4 e3 25. Rad1 Bc7 26. a6 b5 27. Rd3 Rad8
28. Red1 Rxd3 29. Rxd3 b4 30. Nd1 Nd5 31. Rb3 Kh8 32. Be1 Nf4 33. Qf3 e2 34.
Nf2 Nd3 0-1

[Event "Stuttgarter Stadtmeisterschaft A-Turnie"]
[Site "Ditzingen"]
[Date "2009.05.23"]
[Round "6.20"]
[White "Heining, Thomas"]
[Black "Vaysberg, Alexander"]
[Result "1/2-1/2"]
[WhiteElo "2074"]
[BlackElo "2190"]
[PlyCount "83"]
[EventDate "2009.??.??"]
[WhiteTeam "SV Untertürkheim e.V."]
[BlackTeam "SF Pfullingen"]

1. e4 c5 2. Nf3 d6 3. d4 cxd4 4. Nxd4 Nf6 5. Nc3 a6 6. Bc4 e6 7. Bb3 b5 8. a3
Be7 9. O-O Qc7 10. f4 Bb7 11. Qe2 Nbd7 12. Bxe6 fxe6 13. Nxe6 Qc6 14. Nxg7+ Kf7
15. Nf5 Qc4 16. Qd1 h5 17. Nxd6+ Bxd6 18. Qxd6 Qc5+ 19. Qxc5 Nxc5 20. e5 Rhg8
21. Rf2 Nfe4 22. Nxe4 Nxe4 23. Re2 Ke6 24. Be3 Rad8 25. Rae1 Kf5 26. Kf1 Rd7
27. Rc1 Rc8 28. Ree1 Rdc7 29. c3 Bd5 30. Rcd1 Bb3 31. Rd4 Bc4+ 32. Kg1 Rg7 33.
Bf2 Rcg8 34. g3 Nxf2 35. Kxf2 h4 36. Re3 Rh7 37. Rd6 a5 38. Kf3 Be6 39. Re2
hxg3 40. hxg3 Rh3 41. Rg2 a4 42. Rg1 1/2-1/2

[Event "Stuttgarter Stadtmeisterschaft A-Turnie"]
[Site "Ditzingen"]
[Date "2009.05.23"]
[Round "6.21"]
[White "Keller, Harald"]
[Black "Jovalekic, Oliver"]
[Result "0-1"]
[WhiteElo "2053"]
[BlackElo "2175"]
[PlyCount "80"]
[EventDate "2009.??.??"]
[WhiteTeam "SV Rottweil"]
[BlackTeam "Sabt SpVgg Rommelshausen"]

1. e4 c5 2. Nc3 Nc6 3. g3 g6 4. Bg2 Bg7 5. d3 e6 6. f4 Nge7 7. Nf3 O-O 8. Be3
d6 9. O-O Nd4 10. Rb1 b6 11. Ne2 Nxf3+ 12. Bxf3 Bb7 13. Qd2 Qc7 14. h4 f5 15.
h5 Rae8 16. hxg6 hxg6 17. Bg2 b5 18. Rfd1 e5 19. Rf1 d5 20. fxe5 fxe4 21. dxe4
d4 22. Bf4 Bxe5 23. c3 Nc6 24. cxd4 Nxd4 25. Nxd4 cxd4 26. Rbc1 Qd6 27. Bh6
Rxf1+ 28. Rxf1 d3 29. Rd1 Rd8 30. Be3 Qe6 31. Qb4 Bxg3 32. Qxb5 Bxe4 33. Qg5
Re8 34. Qxg3 Bxg2 35. Rxd3 Be4 36. Rd1 Qf5 37. Bd4 Qh5 38. Qb3+ Bd5 39. Qd3
Qh1+ 40. Kf2 Qg2# 0-1

[Event "Stuttgarter Stadtmeisterschaft A-Turnie"]
[Site "Ditzingen"]
[Date "2009.05.23"]
[Round "6.22"]
[White "Probst, Alexander"]
[Black "Kunze, Holger"]
[Result "0-1"]
[WhiteElo "2048"]
[BlackElo "2174"]
[PlyCount "120"]
[EventDate "2009.??.??"]
[WhiteTeam "SC Blau.Turm Bad Wimpfen"]
[BlackTeam "FC Bayern München e.V."]

1. e4 c6 2. Nc3 d5 3. g3 dxe4 4. Nxe4 Bf5 5. Bg2 Nd7 6. Ne2 Ngf6 7. N2c3 e6 8.
O-O Be7 9. b3 O-O 10. Bb2 Nb6 11. d3 a5 12. a3 Qc7 13. Qe2 Rfd8 14. Rad1 Bg6
15. Rfe1 Nfd5 16. h4 h6 17. Qg4 Nf6 18. Qf3 Nbd5 19. Nxd5 Nxd5 20. Qg4 Bf8 21.
h5 Bf5 22. Qf3 Be7 23. c4 Nb6 24. g4 Bxe4 25. Qxe4 Nd7 26. d4 a4 27. b4 Nb6 28.
Bf1 Bf6 29. Bc3 Nd7 30. Bd3 Nf8 31. Bc2 b5 32. Bd3 Qb6 33. c5 Qc7 34. Be2 Rd5
35. Rd3 Rad8 36. Red1 Nh7 37. f4 Be7 38. Bf3 Nf6 39. Qe3 R5d7 40. Kg2 Nd5 41.
Bxd5 Rxd5 42. Kf3 Bf6 43. Qe4 Qe7 44. Be1 Qd7 45. Bf2 e5 46. fxe5 Bxe5 47. Bh4
f6 48. Bf2 Bb8 49. Re1 Qc7 50. Kg2 Qh2+ 51. Kf1 Kh8 52. Qg6 Be5 53. Qe4 f5 54.
gxf5 Qxh5 55. Red1 Bf6 56. Rf3 Re8 57. Qf4 Qh1+ 58. Bg1 Bxd4 59. Rxd4 Rxd4 60.
Qxd4 Qxf3+ 0-1

[Event "Stuttgarter Stadtmeisterschaft A-Turnie"]
[Site "Ditzingen"]
[Date "2009.05.23"]
[Round "6.23"]
[White "Schuster, Gerhard"]
[Black "Reck, Moritz"]
[Result "0-1"]
[WhiteElo "2038"]
[BlackElo "2149"]
[PlyCount "118"]
[EventDate "2009.??.??"]
[WhiteTeam "Schachclub Feuerbach e. V."]
[BlackTeam "SK Bebenhausen 1992"]

1. e4 g6 2. d4 Bg7 3. Nf3 d6 4. Bc4 Nf6 5. Qe2 O-O 6. Nc3 Nc6 7. e5 dxe5 8.
dxe5 Nd7 9. e6 fxe6 10. Bxe6+ Kh8 11. Bg5 Nc5 12. Rd1 Qe8 13. Bxc8 Rxc8 14. Qe3
b6 15. Bh6 Bxh6 16. Qxh6 Qf7 17. O-O Rcd8 18. h4 e5 19. h5 Rxd1 20. Nxd1 Rg8
21. Ne3 Ne6 22. Ng4 Qf5 23. Ne3 Qxh5 24. Qxh5 gxh5 25. Rd1 e4 26. Nh4 Rd8 27.
Rd5 Rxd5 28. Nxd5 Kg7 29. Kf1 Kf7 30. Nf5 Ncd4 31. Nxd4 Nxd4 32. c3 Ne6 33. g3
c6 34. Nb4 Nd8 35. Ke2 Ke6 36. Ke3 Ke5 37. Nc2 a6 38. Nd4 c5 39. Ne2 Ne6 40. a4
c4 41. a5 bxa5 42. Kd2 a4 43. Kc2 Nc5 44. Nd4 Nd3 45. f4+ exf3 46. Nxf3+ Kf5
47. Nd2 Ne5 48. Kb1 Kg4 49. Ne4 Nd7 50. Ka2 Kf3 51. Ng5+ Kxg3 52. Nxh7 Kg4 53.
Ka3 h4 54. Kxa4 h3 55. b4 cxb3 56. Kxb3 h2 57. c4 h1=Q 58. Kb4 Qxh7 59. c5 Qb1+
0-1

[Event "Stuttgarter Stadtmeisterschaft A-Turnie"]
[Site "Ditzingen"]
[Date "2009.05.23"]
[Round "6.24"]
[White "Lebeda, Timo"]
[Black "Nabavi, Parwis"]
[Result "0-1"]
[WhiteElo "1942"]
[BlackElo "2126"]
[PlyCount "94"]
[EventDate "2009.??.??"]
[WhiteTeam "SAbt VFB Reichenbach"]
[BlackTeam "SGEM Dreisamtal"]

1. c4 e6 2. Nf3 d5 3. d4 Nf6 4. g3 dxc4 5. Qa4+ Nbd7 6. Qxc4 a6 7. Bg2 b5 8.
Qc2 Bb7 9. Bf4 c5 10. dxc5 Bxc5 11. Nbd2 Rc8 12. Qd1 Ng4 13. O-O e5 14. Nxe5
Bxg2 15. Nxf7 Kxf7 16. Kxg2 g5 17. e3 gxf4 18. Qxg4 Nf6 19. Qe2 fxe3 20. fxe3
Kg7 21. Rf5 Re8 22. e4 Bb4 23. Raf1 Rc2 24. Rd5 Qxd5 25. Rxf6 Qxd2 26. Qf2
Qxf2+ 27. Rxf2 Rxf2+ 28. Kxf2 Rxe4 29. a3 Bc5+ 30. Kf3 Re3+ 31. Kf4 Re2 32. b4
Bb6 33. h4 Ra2 34. g4 Rxa3 35. Kg5 Ra4 36. Kh5 h6 37. g5 hxg5 38. hxg5 Rxb4 39.
g6 Rb1 40. Kh4 Kxg6 41. Kh3 b4 42. Kh2 b3 43. Kh3 b2 44. Kh2 Rg1 45. Kh3 b1=Q
46. Kh2 Qd1 47. Kh3 Qh5# 0-1

[Event "Stuttgarter Stadtmeisterschaft A-Turnie"]
[Site "Ditzingen"]
[Date "2009.05.23"]
[Round "6.26"]
[White "Günthner, Arthur"]
[Black "Meyner, Hannes"]
[Result "1-0"]
[WhiteElo "1771"]
[BlackElo "2122"]
[PlyCount "101"]
[EventDate "2009.??.??"]
[WhiteTeam "Mönchfelder SV 1967"]
[BlackTeam "SC Turm Lüneburg e.V."]

1. d4 d5 2. c4 c6 3. Nc3 Nf6 4. Nf3 dxc4 5. e4 b5 6. e5 Nd5 7. a4 e6 8. Bd2 Bb7
9. Be2 Be7 10. h4 h6 11. h5 a6 12. Ne4 Nd7 13. Rh3 c5 14. dxc5 Nxc5 15. Nxc5
Bxc5 16. Rg3 Qb6 17. Rxg7 Bxf2+ 18. Kf1 Ne3+ 19. Bxe3 Bxe3 20. Qc2 O-O-O 21.
Rxf7 Rhg8 22. axb5 axb5 23. b3 Bg1 24. Nh4 Rdf8 25. Qg6 Bh2 26. Nf3 Bxf3 27.
Rxf8+ Rxf8 28. gxf3 Bxe5 29. Ra8+ Bb8 30. bxc4 Qc6 31. Ra3 b4 32. Re3 Ba7 33.
Qxe6+ Qxe6 34. Rxe6 b3 35. Re5 b2 36. Rb5 Bd4 37. Kg2 Rf5 38. Bd3 Rxb5 39. cxb5
Kb7 40. Kg3 Kb6 41. Kf4 b1=Q 42. Bxb1 Kxb5 43. Kf5 Kc6 44. f4 Kd7 45. Kg6 Be3
46. f5 Ke8 47. Kg7 Bc5 48. Kxh6 Kf8 49. Ba2 Be3+ 50. Kg6 Bd4 51. f6 1-0

[Event "Stuttgarter Stadtmeisterschaft A-Turnie"]
[Site "Ditzingen"]
[Date "2009.05.23"]
[Round "6.27"]
[White "Reich, Thomas"]
[Black "Schömbs, Oliver"]
[Result "1-0"]
[WhiteElo "2393"]
[BlackElo "1808"]
[PlyCount "117"]
[EventDate "2009.??.??"]
[WhiteTeam "FC Bayern München e.V."]
[BlackTeam "SC Ingersheim e.V."]

1. d4 Nf6 2. c4 g6 3. Nc3 Bg7 4. e4 d6 5. f3 O-O 6. Be3 e5 7. d5 c6 8. Qd2 a6
9. a4 Qa5 10. Ra3 c5 11. Nge2 Nbd7 12. Nc1 Ne8 13. g4 f5 14. Bd3 f4 15. Bf2 Bf6
16. h4 Ng7 17. Nb3 Qc7 18. a5 Be7 19. Na4 Rf7 20. Kd1 h6 21. Kc1 Kf8 22. Kb1
Kg8 23. Ka2 Kf8 24. Rb1 Qd8 25. Qe1 Rb8 26. Nc1 b5 27. axb6 Nxb6 28. Nxb6 Rxb6
29. Bc2 Kg8 30. Nd3 Bf8 31. Qa5 Qc7 32. b4 cxb4 33. Bxb6 Qxc4+ 34. Rab3 Qxc2+
35. R1b2 Qd1 36. Nxb4 Bxg4 37. fxg4 Qxg4 38. Nc6 f3 39. Qe1 Nh5 40. Bf2 Rf4 41.
Re3 Nf6 42. Rb4 a5 43. Rc4 Nxd5 44. Rb3 Nf6 45. Rb8 Qe6 46. Nxa5 Rxe4 47. Qb1
Re2+ 48. Rb2 Ne4 49. Qd3 d5 50. Rc6 Qf7 51. Rxe2 fxe2 52. Be1 d4+ 53. Qc4 Nc3+
54. Bxc3 Qxc4+ 55. Rxc4 dxc3 56. Re4 Bb4 57. Nb3 c2 58. Rxe2 Be7 59. h5 1-0

[Event "Stuttgarter Stadtmeisterschaft A-Turnie"]
[Site "Ditzingen"]
[Date "2009.05.23"]
[Round "6.28"]
[White "Pogan, Nikolas"]
[Black "Holzhäuer, Mathias"]
[Result "0-1"]
[WhiteElo "2050"]
[BlackElo "2335"]
[PlyCount "52"]
[EventDate "2009.??.??"]
[WhiteTeam "SAbt TSV Willsbach"]
[BlackTeam "SK Schmiden/Cannstatt"]

1. e4 d5 2. exd5 Qxd5 3. Nc3 Qd6 4. g3 Nf6 5. Bg2 h5 6. d4 h4 7. Bf4 Qb6 8. Na4
Qa5+ 9. c3 hxg3 10. hxg3 Rxh1 11. Bxh1 c6 12. Nc5 Na6 13. b4 Qb5 14. a4 Qc4 15.
Qd3 Qxd3 16. Nxd3 Nd5 17. Bd2 Bf5 18. Nf4 e6 19. b5 Nac7 20. c4 Nb4 21. Bxb4
Bxb4+ 22. Ke2 O-O-O 23. Nf3 Bg4 24. Ke3 c5 25. dxc5 Bxc5+ 26. Ke2 e5 0-1

[Event "Stuttgarter Stadtmeisterschaft A-Turnie"]
[Site "Ditzingen"]
[Date "2009.05.23"]
[Round "6.29"]
[White "Daubenfeld, Gilles"]
[Black "Arounopoulos, Stephan"]
[Result "1/2-1/2"]
[WhiteElo "2151"]
[BlackElo "1998"]
[PlyCount "50"]
[EventDate "2009.??.??"]
[WhiteTeam "SG Trier"]
[BlackTeam "SK e4 Gerlingen"]

1. e4 e6 2. d4 d5 3. Nc3 Bb4 4. e5 c5 5. a3 Bxc3+ 6. bxc3 Ne7 7. Nf3 Bd7 8. a4
Qa5 9. Bd2 Nbc6 10. Bb5 Qc7 11. O-O O-O 12. Qe2 c4 13. Bxc6 Qxc6 14. Rfb1 b6
15. a5 b5 16. Bc1 Qc7 17. Ba3 Bc6 18. Qd2 f5 19. exf6 Rxf6 20. Ne5 Ng6 21. Ng4
Rf5 22. Re1 Re8 23. Bb4 a6 24. Re2 Qf4 25. Qxf4 Rxf4 1/2-1/2

[Event "Stuttgarter Stadtmeisterschaft A-Turnie"]
[Site "Ditzingen"]
[Date "2009.05.23"]
[Round "6.30"]
[White "Steinhart, Christoph"]
[Black "Nagelsdiek, Michael"]
[Result "1-0"]
[WhiteElo "2013"]
[BlackElo "2120"]
[PlyCount "81"]
[EventDate "2009.??.??"]
[WhiteTeam "SC Leinfelden"]
[BlackTeam "SF Pfullingen"]

1. e4 c6 2. d4 d5 3. Nc3 dxe4 4. Nxe4 Nf6 5. Nxf6+ gxf6 6. Bf4 Qb6 7. b3 Bf5 8.
Nf3 Nd7 9. Bd3 Rg8 10. O-O Bh3 11. Bg3 Bg4 12. Bxh7 Rh8 13. Be4 f5 14. Bd3 Bg7
15. c3 e6 16. Re1 O-O-O 17. a4 a5 18. b4 axb4 19. a5 Qa7 20. a6 b6 21. Qa4 Bxf3
22. gxf3 b5 23. Bxb5 cxb5 24. Qxb5 Rde8 25. cxb4 Bxd4 26. Rac1+ Kd8 27. Rc7
Bxf2+ 28. Kf1 Qxc7 29. Bxc7+ Kxc7 30. Rc1+ Bc5 31. Qb7+ Kd6 32. bxc5+ Nxc5 33.
Qb6+ Ke5 34. Qxc5+ Kf6 35. Qd4+ e5 36. Rc6+ Kg5 37. Qg1+ Kf4 38. Qg3+ Ke3 39.
f4+ Ke4 40. Rc4+ Kd5 41. Qd3+ 1-0

[Event "Stuttgarter Stadtmeisterschaft A-Turnie"]
[Site "Ditzingen"]
[Date "2009.05.23"]
[Round "6.31"]
[White "Scheeff, Volker"]
[Black "Schäfer, Alexander"]
[Result "1-0"]
[WhiteElo "2111"]
[BlackElo "2007"]
[PlyCount "63"]
[EventDate "2009.??.??"]
[WhiteTeam "Sabt SpVgg Rommelshausen"]
[BlackTeam "SC Tamm 74"]

1. e4 c5 2. Nf3 Nc6 3. Bb5 Nf6 4. Nc3 d6 5. e5 Ng4 6. Qe2 Bd7 7. exd6 e6 8. Ne4
b6 9. d4 a6 10. Bg5 f6 11. Bxc6 Bxc6 12. h3 fxg5 13. hxg4 Bxd6 14. Nexg5 Bxf3
15. Qxe6+ Qe7 16. gxf3 h6 17. dxc5 bxc5 18. Qxe7+ Kxe7 19. Ne4 Rab8 20. Nxd6
Kxd6 21. O-O-O+ Kc6 22. Rhe1 Rbe8 23. c4 Rhf8 24. Rxe8 Rxe8 25. Rd2 g6 26. Kd1
h5 27. Re2 Rf8 28. Re6+ Kd7 29. Rxg6 hxg4 30. Rxg4 Rxf3 31. Ke2 Rh3 32. Rg6 1-0

[Event "Stuttgarter Stadtmeisterschaft A-Turnie"]
[Site "Ditzingen"]
[Date "2009.05.23"]
[Round "6.32"]
[White "Braun, Georg"]
[Black "Jurasin, Marin"]
[Result "1/2-1/2"]
[WhiteElo "1990"]
[BlackElo "2105"]
[PlyCount "90"]
[EventDate "2009.??.??"]
[WhiteTeam "SK Bebenhausen 1992"]
[BlackTeam "SG Schönbuch"]

1. e4 g6 2. d4 Bg7 3. Nc3 d6 4. Be3 Nd7 5. Qd2 c6 6. h4 h5 7. f3 Qa5 8. Be2 b5
9. Nh3 b4 10. Nd1 c5 11. c3 bxc3 12. bxc3 Ngf6 13. Nb2 O-O 14. Nc4 Qc7 15. d5
Nb6 16. Nf4 Nxc4 17. Bxc4 Nd7 18. Be2 Qa5 19. Rc1 Rb8 20. Kf2 Ne5 21. Rhd1 Bd7
22. Rb1 f5 23. exf5 Bxf5 24. Rb3 Rxb3 25. axb3 Qa3 26. b4 c4 27. Bd4 Bh6 28.
Be3 Bd3 29. Bxd3 Bxf4 30. Be4 Bxe3+ 31. Kxe3 a5 32. bxa5 Qxa5 33. Rb1 Qa7+ 34.
Qd4 Qa2 35. Qd2 Ra8 36. Qxa2 Rxa2 37. f4 Ng4+ 38. Kd4 Kf7 39. Re1 Ra4 40. Bf3
Nh6 41. Be4 Ng4 42. Re2 Nf6 43. Bf3 Nd7 44. g4 hxg4 45. Bxg4 Nc5 1/2-1/2

[Event "Stuttgarter Stadtmeisterschaft A-Turnie"]
[Site "Ditzingen"]
[Date "2009.05.23"]
[Round "6.33"]
[White "Pflaum, Stefan"]
[Black "Schnepel, Thomas"]
[Result "1-0"]
[WhiteElo "2096"]
[BlackElo "1982"]
[PlyCount "119"]
[EventDate "2009.??.??"]
[WhiteTeam "SC Schachmatt Botnang"]
[BlackTeam "SC Pforzheim 1906"]

1. c4 c5 2. Nc3 Nf6 3. g3 d5 4. cxd5 Nxd5 5. Bg2 Nc7 6. Nf3 Nc6 7. d3 e5 8. O-O
Be7 9. b3 Be6 10. Bb2 f6 11. Qc1 O-O 12. Rd1 Rc8 13. Rb1 b5 14. Rd2 Nd4 15. Qd1
Bg4 16. e3 Nde6 17. Qf1 Qe8 18. Ne1 Rd8 19. Rc1 f5 20. Nd1 Bd6 21. Nf3 Bxf3 22.
Bxf3 f4 23. Qg2 Ng5 24. Bc6 Qh5 25. h4 f3 26. Qh1 Nge6 27. Nc3 a6 28. Ne4 Be7
29. Ng5 Bxg5 30. hxg5 Qxg5 31. Bxf3 Rf6 32. Be4 Rh6 33. Qg2 Rf6 34. f4 exf4 35.
Bxf6 Qxf6 36. gxf4 Rd6 37. Qg4 g6 38. Rg2 Nd5 39. Rg3 Nf8 40. Rc2 b4 41. Qg5
Qa1+ 42. Kh2 Nf6 43. Bg2 Rxd3 44. Qxc5 Rc3 45. Bd5+ Nxd5 46. Qxd5+ Kg7 47. Qe5+
Kg8 48. Rgg2 Qe1 49. Rxc3 bxc3 50. Rc2 Qh4+ 51. Kg2 Qg4+ 52. Kf2 h5 53. Rxc3 h4
54. Rc7 Qg3+ 55. Ke2 Qg2+ 56. Kd1 Qf1+ 57. Kd2 Qf2+ 58. Kc1 Qe1+ 59. Kb2 Qd2+
60. Ka3 1-0

[Event "Stuttgarter Stadtmeisterschaft A-Turnie"]
[Site "Ditzingen"]
[Date "2009.05.23"]
[Round "6.34"]
[White "Wenninger, Philipp"]
[Black "Scherer, Holger"]
[Result "1-0"]
[WhiteElo "1984"]
[BlackElo "2095"]
[PlyCount "89"]
[EventDate "2009.??.??"]
[WhiteTeam "Heilbronner SV"]
[BlackTeam "SK Lauffen"]

1. d4 Nf6 2. Nf3 g6 3. e3 Bg7 4. Bd3 O-O 5. O-O d6 6. b3 Nbd7 7. Bb2 c5 8. c4
cxd4 9. exd4 Nh5 10. Re1 a6 11. Nbd2 Rb8 12. Qc2 b6 13. Rac1 Nf4 14. Bf1 Nf6
15. Ne4 Bf5 16. Nxf6+ Bxf6 17. Qd2 Nh5 18. Bd3 Bg4 19. Be4 e6 20. Qd1 Bg5 21.
Rc3 d5 22. cxd5 exd5 23. Bb1 Re8 24. Rxe8+ Qxe8 25. h3 Bxf3 26. Rxf3 Rb7 27.
Bd3 Re7 28. Qc2 Re1+ 29. Kh2 b5 30. g3 Qe6 31. Ba3 Ng7 32. h4 Be7 33. Bc1 Qd7
34. Be3 Qd6 35. Qc3 Qb4 36. Qc8+ Bf8 37. Qd7 Qe7 38. Qxd5 Ne6 39. Qc6 Rd1 40.
Qc2 Ra1 41. Qb2 Rd1 42. Qc2 Ra1 43. Kg2 h5 44. d5 Nd4 45. Bxd4 1-0

[Event "Stuttgarter Stadtmeisterschaft A-Turnie"]
[Site "Ditzingen"]
[Date "2009.05.23"]
[Round "6.35"]
[White "Huhn, Stefan"]
[Black "Pietzka, Martin"]
[Result "1-0"]
[WhiteElo "2090"]
[BlackElo "1846"]
[PlyCount "55"]
[EventDate "2009.??.??"]
[WhiteTeam "SV Herrenberg e.V."]
[BlackTeam "SV Nürtingen 1920"]

1. d4 Nf6 2. Bg5 e6 3. e3 Be7 4. Nd2 d5 5. Bd3 h6 6. Bxf6 Bxf6 7. f4 Nd7 8.
Ngf3 b6 9. Qe2 Bb7 10. c3 O-O 11. O-O-O c5 12. g4 g6 13. g5 Bg7 14. gxh6 Bxh6
15. h4 Re8 16. h5 f5 17. Rdg1 Nf8 18. Ne5 Bg7 19. Nxg6 Nxg6 20. Rxg6 Kh7 21.
Rhg1 Re7 22. Qg2 Qf8 23. Nf3 Bh6 24. Ng5+ Kh8 25. Nxe6 Rxe6 26. Rxe6 cxd4 27.
Qg6 Bg7 28. h6 1-0

[Event "Stuttgarter Stadtmeisterschaft A-Turnie"]
[Site "Ditzingen"]
[Date "2009.05.23"]
[Round "6.37"]
[White "Fingerhut, Armin"]
[Black "Bogenschütze, Paul jr"]
[Result "1/2-1/2"]
[WhiteElo "1961"]
[BlackElo "2067"]
[PlyCount "70"]
[EventDate "2009.??.??"]
[WhiteTeam "Vorw.Orient Mainz"]
[BlackTeam "SF Deizisau"]

1. e4 c5 2. Nf3 d6 3. d4 cxd4 4. Qxd4 Nc6 5. Bb5 Bd7 6. Bxc6 Bxc6 7. c4 Nf6 8.
Nc3 g6 9. Be3 Bg7 10. Qd3 Ng4 11. Bd4 Ne5 12. Bxe5 dxe5 13. Qxd8+ Rxd8 14. Ke2
e6 15. Rad1 Ke7 16. Rxd8 Rxd8 17. Rd1 Rxd1 18. Kxd1 f5 19. Nd2 g5 20. Ke2 h5
21. Kd3 Kf6 22. Nb3 b6 23. c5 Bf8 24. cxb6 axb6 25. a3 h4 26. Ke3 g4 27. g3
Bh6+ 28. Kd3 h3 29. Nd2 Bf8 30. b4 f4 31. Kc4 fxg3 32. fxg3 Bh6 33. Kd3 Bf8 34.
Kc4 Bh6 35. Kd3 Bf8 1/2-1/2

[Event "Stuttgarter Stadtmeisterschaft A-Turnie"]
[Site "Ditzingen"]
[Date "2009.05.23"]
[Round "6.38"]
[White "Maier, Armin"]
[Black "White, Herbert"]
[Result "0-1"]
[WhiteElo "2066"]
[BlackElo "1923"]
[PlyCount "58"]
[EventDate "2009.??.??"]
[WhiteTeam "SG Schramberg-Lauterbach"]
[BlackTeam "VLK Lampertheim"]

1. e4 c5 2. Nf3 Nc6 3. d4 cxd4 4. Nxd4 e5 5. Nb5 d6 6. N1c3 a6 7. Na3 b5 8. Nd5
Nf6 9. Bg5 Be7 10. Bxf6 gxf6 11. c3 f5 12. exf5 Bxf5 13. Qf3 Bg6 14. Nxb5 Rc8
15. Nbc7+ Rxc7 16. Nxc7+ Qxc7 17. Bxa6 O-O 18. O-O e4 19. Qe2 d5 20. f4 f5 21.
Qb5 Bf7 22. Rad1 Rb8 23. Qe2 Bf6 24. a4 Qb6+ 25. Kh1 Qxb2 26. Qxb2 Rxb2 27. Bc4
dxc4 28. Rd6 Bxc3 29. Rxc6 e3 0-1